000 00746nas a2200241 4500
001 BR0705171
003 BR-BrBNA
005 20231205111139.0
007 ta
008 230509b bl.|||p| |||| 00| 00por d
040 _aBR-BrBNA
_bpor
_cBiblioteca Nacional de Agricultura
041 _a(Pt)
072 _aF70
100 1 _aXavier Filho, L.
245 1 _aRaciborskiella parva Xavier Filho nova espécie de Strigulaceae (Liquens)do Estado do Amazonas
650 _aLIQUEN
650 _aTAXONOMIA VEGETAL
650 _aDISTRIBUIÇÃO GEOGRÁFICA
650 _aAMAZONICA
773 0 _tActa Amazonica (Brazil)
_xISSN 0044-5967
_g(Aug 1975), v. 5(2) p. 143-144
_wBR0705171
909 _a202311
_bLúcia
_c55
_dLúcia Elande
942 _2AGRIS
_n0
_cANA
999 _c190944
_d190944